Musical Artists by Album Cover - Statistics

General Stats
  • This quiz has been taken 189 times
  • The average score is 15 of 28
Answer Stats
Picture Answer % Correct
Pink Floyd
91%
Ariana Grande
85%
Gorillaz
81%
Dua Lipa
76%
Arctic Monkeys
75%
Ed Sheeran
75%
Bruce Springsteen
71%
Kanye West
70%
Madonna
69%
The White Stripes
63%
Eminem
62%
Red Hot Chili Peppers
62%
Lauryn Hill
59%
Beyoncé
57%
Radiohead
56%
Oasis
53%
Queen
53%
Led Zeppelin
52%
Imagine Dragons
50%
The Velvet Underground and Nico
41%
The Rolling Stones
39%
Björk
38%
Coldplay
38%
Nicki Minaj
34%
Joy Division
32%
David Bowie
23%
Eagles
12%
Curtis Mayfield
7%
No matching quizzes found
Score Distribution
Percent of People with Each Score
Percentile by Number Answered
Your Score History
You have not taken this quiz